ESPN Shows Quiz Stats

 Plays Quiz Updated Nov 6, 2018

Support Sporcle.
Go Orange.
Score 0/22 Timer 05:00
0 Plays Today
Personalities Show % Correct
Scott Van Pelt, Neil Everett, Hannah StormSportsCenter
93.3%
Buck Showalter, John Kruk, Tim KurkjianBaseball Tonight
87.1%
Dan Le Batard, Tony Kornheiser, Michael WilbonPardon the Interruption
84.4%
Jackie MacMullan, Woody Paige, Tony RealiAround the Horn
83.1%
Liam Chapman, Mike Golic, Mike GreenbergMike & Mike in the Morning
78.2%
Mike Tirico, Ron Jaworski, Jon GrudenMonday Night Football
70.8%
Kirk Herbstreit, Lee Corso, Desmond HowardCollege Gameday
70.2%
Bob Ley, Jeremy SchaapOutside The Lines
66.4%
Petros Papadakis, Andrew Siciliano, Jim RomeJim Rome is Burning
65.2%
Marcellus Wiley, Merril Hoge, Mark SchlerethNFL Live
62.6%
Lomas Brown, Jay Crawford, Skip BaylessFirst Take
59.3%
Personalities Show % Correct
Stuart Scott, Howie SchwabStump the Schwab
53.3%
Michelle Beadle, Colin CowherdSportsNation
50.5%
John Miller, Chris Singleton, Joe MorganSunday Night Baseball
48.2%
Cris Carter, Mike Ditka, Tom JacksonNFL Countdown
48.1%
John Saunders, Mike Lupica, Mitch AlbomThe Sports Reporters
43.1%
Michael Smith, Rachel Nichols, Jeremy SchaapE:60
36.6%
Jamal Mashburn, Tim Legler, Ric BucherNBA Fastbreak
35.7%
Norman Chad, Lon McEachernWorld Series of Poker
33.2%
Linda Cohn, Dana Jacobson, Sal MasekelaX-Games
22.2%
Randy Sklar, Jason Sklar, not Ron ParkerCheap Seats
16.1%
Nicole Manske, Allen Bestwick, Boris SaidNascar Now
14.5%

You're not logged in!

Compare scores with friends on all Sporcle quizzes.
OR
Log In
Forgot?

From the Vault

Typing Challenge II

by HenryFieldstone

Hopefully you've got your fingers nice and limber.
Remove Ads.
Support Sporcle.
Get the best of Sporcle when you Go Orange. This ad-free experience offers more features, more stats, and more fun while also helping to support Sporcle. Thank you for becoming a member.

Show Comments

Extras

Top Quizzes Today


Score Distribution

Your Account Isn't Verified!

In order to create a playlist on Sporcle, you need to verify the email address you used during registration. Go to your Sporcle Settings to finish the process.

Report this User

Report this user for behavior that violates our Community Guidelines.

Details: